000 01935nam a2200385 i 4500
003 DO-SdBNP
005 20240829143203.0
006 a||||gr|||| 00| 0
007 ta
008 230510e2022 dr aob|gr|||| 001 edspa d
020 _a9789945250367
040 _aDO-SdBNP
_bspa
_cBNPHU
_erda
041 _aspa
082 4 _a305.89607293
_bA333a
_222
100 1 _91180
_aAlbert Batista, Celsa
_4aut.
_eautor
245 1 0 _aAfricanía en República Dominicana /
_cCelsa Albert Batista; cuidado de la edición y corrección, Eric Simó.
264 4 _aSanto Domingo :
_bArchivo General de la Nación,
_c©2022.
300 _a345 páginas :
_bilustraciones, mapas, fotografías, gráficas ;
_c22 cm.
336 _2rdaconten
_atexto
_btxt
337 _2rdamedia
_asin medición
_bn
338 _2rdacarrier
_avolumen
_bnc
490 0 _aArchivo General de la Nación ;
_v450
500 _aIncluye datos biográficos del autor en la solapa de la cubierta.
500 _aIncluye glosario de términos.
500 _aIncluye índice onomástico
500 _aIncluye referencias bibliográficas y notas al pie de las páginas
504 _aBibliografía: páginas 305- 325
505 _aIntroducción --
_tCapítulo I. Origen y procedencia de las culturas africanas que arribaron a la Española (1492-1800).--
_tCapítulo II. Integración de la población africana a la sociedad colonial.--
_tCapítulo III. Los esclavos y su repercusión en a vida colonial.--
_tCapítulo IV. Las culturas africanas en la conformación de la cultura dominicana.--
_tConsideraciones finales.--
_tBibliografía.--
_tGlosario de términos.--
_tÍndice onomástico.
590 _aInventariado 2023 / MF
650 4 _aNegros
_zRepública Dominicana
_xHistoria
_917935
651 4 _aRepública Dominicana
_xCivilización
_xInfluencias africanas
_917943
700 1 _9313
_aSimó, Eric,
_eeditor
_4ed.
910 _aValidado. Control de calidad MFF
942 _2ddc
_cLBS1
999 _c53473
_d53473